Pigs say oink : a first book of sounds /

Identifies sounds in the farmyard, country, city and zoo.

Bibliographic Details
Main Author: Alexander, Martha, 1920-2006
Format: Book
Language:English
Published: New York : Random House, [1978]
Series:A Random House pictureback
Subjects:

MARC

Tag First Indicator Second Indicator Subfields
LEADER 00000cam a2200000 a 4500
001 in00000649521
005 20151015072052.0
008 800128s1978 nyua j 00010 engm
010 |a  77086141   |z  80018611  
020 |a 0394838386 (pbk.) 
020 |a 0394938380 (lib. bdg.) 
035 |a (OCoLC)06015510 
035 |9 ACW9468AM 
040 |a DLC  |c DLC  |d m.c.  |d TXA  |d UtOrBLW 
049 |a [Curr Col] TXAM  |c 1 [1386513], 2 [1386514] 
050 0 0 |a QL765  |b .A36 
082 0 |a 591.59 
100 1 |a Alexander, Martha,  |d 1920-2006. 
245 1 0 |a Pigs say oink :  |b a first book of sounds /  |c by Martha Alexander. 
264 1 |a New York :  |b Random House,  |c [1978] 
264 4 |c ©1978 
300 |a 32 unnumbered pages :  |b color illustrations ;  |c 21 cm. 
336 |a text  |b txt  |2 rdacontent 
337 |a unmediated  |b n  |2 rdamedia 
338 |a volume  |b nc  |2 rdacarrier 
490 0 |a A Random House pictureback 
520 |a Identifies sounds in the farmyard, country, city and zoo. 
650 0 |a Animal sounds  |v Juvenile literature. 
650 0 |a Sounds  |v Juvenile literature. 
650 1 |a Animal sounds. 
650 1 |a Sound. 
999 |a MARS 
999 f f |s a20e26d9-4453-3781-8385-6f73090d2f2e  |i fe683379-0809-3b9c-8199-36d7c6dd0dfa  |t 0 
952 f f |p normal  |a Texas A&M University  |b College Station  |c Sterling C. Evans Library  |d Evans: Curriculum Collection (4th floor)  |t 0  |e QL765 .A36  |h Library of Congress classification  |i unmediated -- volume  |m A14800257311 
952 f f |p normal  |a Texas A&M University  |b College Station  |c Sterling C. Evans Library  |d Evans: Curriculum Collection (4th floor)  |t 0  |e QL765 .A36  |h Library of Congress classification  |i unmediated -- volume  |m A14800257329 
998 f f |a QL765 .A36  |t 0  |l Evans: Curriculum Collection (4th floor) 
998 f f |a QL765 .A36  |t 0  |l Evans: Curriculum Collection (4th floor)